Statistics for NBA Highest-paid Centers of All Time

Click here to take the quiz!

General Stats

  • This quiz has been taken 28 times
  • The average score is 10 of 20

Answer Stats

SalaryStatusPlayer% Correct
$292,198,327.00RetiredShaquille O'Neal
100%
$238,067,152.00ActiveDwight Howard
93%
$168,794,021.00RetiredJermaine O'Neal
85%
$154,933,147.00ActiveMarc Gasol
78%
$116,713,123.00RetiredDavid Robinson
74%
$106,173,594.00RetiredHakeem Olajuwon
67%
$131,574,088.00ActiveDeAndre Jordan
63%
$143,666,581.00RetiredDikembe Mutombo
56%
$116,943.120.00RetiredPatrick Ewing
52%
$201,179,811.00ActiveTyson Chandler
52%
$143,906,333.00RetiredAlonzo Mourning
48%
$120,774,768.00ActiveBrook Lopez
41%
$135,352,849.00RetiredMarcus Camby
37%
$125,791,268.00Free AgentJoakim Noah
37%
$160,728,232.00ActiveAl Horford
30%
$132,775,609.00ActiveNene
30%
$118,591,363.00OverseasAndrew Bogut
26%
$125,423,723.00RetiredZydrunas Ilgauskas
22%
$136,519,285.00RetiredAl Jefferson
19%
$109,842,052.00RetiredBrian Grant
4%

Score Distribution

Percentile by Number Answered

Percent of People with Each Score

Your Score History

You have not taken this quiz